MARC

LEADER 00000nam^a2200000^a^4500
001 000318380
005 20250521000000.0
009 20260310113410.988
020 |a 978-607-417-163-1 
037 |a Acervo ITESO - Biblioteca 
041 |a ESP 
082 |a 155. 8  |b DOM 
100 |a Domínguez Espinosa, Alejandra del Carmen  |e (comp.) 
245 1 0 |a Lecturas introductorias a la psicología cultural, transcultural y etnospicología /  |c Comp. de A.C. Domínguez Espinosa. 
264 4 |a México :  |b Universidad Iberoamericana, Plantel Santa Fe,  |c 2011, c2011 
300 |a 327 p. 
336 |a texto  |b txt  |2 rdacontenido 
337 |a sin mediación  |b n  |2 rdamedio 
338 |a volumen  |b nc  |2 rdasoporte 
521 |a 2018 BO Doctorado en Investigación Psicológica 
649 |a XX 
650 |a Migrantes -  |x Condiciones Psicológicas 
650 |a Migrantes -  |x Condiciones Sociales y Culturales 
650 |a Niños de la Calle -  |x Condiciones Psicológicas 
650 |a Niños de la Calle -  |x Condiciones Sociales y Culturales 
650 |a Psicología Cognitiva -  |x Aspectos Sociales y Culturales 
650 |a Emoción -  |x Aspectos Sociales y Culturales 
650 |a Adaptación Social 
650 |a Aculturación -  |x Aspectos Psicológicos 
650 |a Comunicación Personal 
650 |a Relaciones Interculturales 
650 |a Socialización 
650 |a Norma Social 
650 |a Cambios Sociales y Culturales 
650 |a Género 
650 |a Psicología y Religión 
650 |a Psicología Fisiológica 
650 |a Psicometría -  |z México 
650 |a Etnopsicología -  |z México 
650 |a Etnopsicología -  |x Tema Principal 
650 |a Psicología Social 
910 |a Fondo General 
920 |a Impresos - Libros 
930 |a Colección General 
905 |a 101 
901 |a 0500205512  |b IT1  |c ACC  |i D57398  |u 20250521 
901 |a 0500271221  |b IT1  |c ACC  |i C150754  |u 20250521 
901 |a 0500275207  |b IT1  |c ACC  |i C152100  |u 20250521 
901 |a 0500275203  |b IT1  |c ACC  |i C152101  |u 20250521 
902 |a https://opac.biblio.iteso.mx/vufind/Record/000318380